Madrid Attacks Victims Nationalities Quiz Stats

 Plays Quiz not verified by Sporcle

Score 0/17 Timer 04:00
0 Plays Today
Continent Country % Correct
EuropeSpain
98.9%
EuropeFrance
90.3%
South AmericaBrazil
84.9%
South AmericaColombia
81.7%
South AmericaChile
80.6%
North AmericaCuba
79.6%
South AmericaEcuador
77.4%
South AmericaPeru
77.4%
AfricaMorocco
75.3%
Continent Country % Correct
EuropePoland
69.9%
North AmericaDominican Republic
67.7%
North AmericaHonduras
63.4%
EuropeRomania
62.4%
EuropeBulgaria
58.1%
EuropeUkraine
50.5%
AsiaPhilippines
44.1%
AfricaSenegal
29%

You're not logged in!

Compare scores with friends on all Sporcle quizzes.
OR
Log In

Show Comments

Extras

Top Quizzes Today


Score Distribution

Your Account Isn't Verified!

In order to create a playlist on Sporcle, you need to verify the email address you used during registration. Go to your Sporcle Settings to finish the process.

Report this User

Report this user for behavior that violates our Community Guidelines.

Details: